| 000 | 01053nmm a2200301 a 4500 | ||
|---|---|---|---|
| 001 | ocm0002146304 | ||
| 003 | TR-IsHL | ||
| 005 | 20201028182241.0 | ||
| 008 | 190129s2015 tu tur | ||
| 007 | cr cn | ||
| 020 | _a9786055122270 | ||
| 035 |
_a2146304 _b(N$T) |
||
| 050 | 0 | 4 |
_aPL230 _bB55 2015 |
| 090 | 0 | 4 |
_aPL230 _bB55 2015 |
| 245 | 1 | 0 |
_aBilge Padişah: Gülistan'dan seçmeler _h[electronic resource] / _cderleyen Mehmet Akif Ordulu ; editör Büşra Kanoğlu ; Çizer ; Şerif Nalbant |
| 260 |
_aİstanbul : _bGenç Hayat Yayınları, _c2015 |
||
| 300 | _a87 p. | ||
| 650 | 4 | _aDil ve Edebiyat | |
| 650 | 4 | _aLanguage and Literature | |
| 650 | 0 | _aChildren's stories, Turkish | |
| 650 | 0 | _aChildren's literature, Turkish | |
| 650 | 0 | _aÇocuk edebiyatı, Türk | |
| 650 | 7 |
_aLITERARY COLLECTIONS / Middle Eastern _2bisacsh |
|
| 700 | 1 | _aOrdulu, Mehmet Akif | |
| 700 | 1 | _aKanoğlu, Büşra | |
| 700 | 1 | _aNalbant, Şerif | |
| 856 | 4 | 0 | _uhttp://search.ebscohost.com/login.aspx?direct=true&scope=site&db=e011xww&AN=2146304 |
| 999 |
_c19980 _d19980 |
||